| 000 | 01010nam a22002537a 4500 | ||
|---|---|---|---|
| 005 | 20240530110447.0 | ||
| 008 | 150429s2008 ua a g 000 0 ara d | ||
| 017 |
_a2007/25466 _bمصر . دار الكتب المصرية |
||
| 020 | _a9789774201315 | ||
| 040 | _aEG-CaGPL | ||
| 082 | 0 | 4 |
_221 _a419\ _bخ ل |
| 100 | 0 | _aخورشيد اشرف اقبال الندوى. | |
| 245 | 1 | 2 |
_aاللغة العربية فى الهند عبر العصور / _cخورشيد اشرف اقبال الندوى. |
| 260 |
_aالقاهرة : _bالهيئة المصرية العامة للكتاب ، _c2008. |
||
| 300 |
_a252 ص ؛ _c24 سم . |
||
| 650 | 0 | 4 |
_aاللغة العربية _xتاريخ _zالهند |
| 650 | 0 | 4 |
_aالنثر العربى _zالهند |
| 650 | 0 | 4 | _aالادباء الهنود |
| 650 | 0 | 4 | _aالشعراء الهنود |
| 650 | 0 | 4 |
_aالشعراء العرب _zالهند |
| 650 | 0 | 4 |
_aالادب العربى _zالهند |
| 942 |
_2ddc _cBK |
||
| 999 |
_c61177 _d61177 |
||